000 00560cab a2200193 4500
001 WB2838-10
008 090401t1992 xxu||||| |||| 00| 0 eng d
035 _a(Sirsi) u26094
041 _aeng
245 _aSymonds strike rate
260 _c1992
350 _a0
490 _aBuilding
_v257(7764) 2 October 1992, 11(1)
520 _aProfile of Symonds, the company which seems to be getting the majority of the work previously done by the PSA.
650 _aPROPERTY SERVICE AGENCY
690 _aBUILT ENVIRONMENT
942 _n0
948 _c04/03/1997
999 _c17513
_d17513